[Event "XXV Memorial Edoardo Crespi A"]
[Site "Milano ITA"]
[Date "2004.12.07"]
[Round "5"]
[White "Carbone, Lorenzo"]
[Black "Petrini, Roberto"]
[Result "1/2-1/2"]
[WhiteElo "1908"]
[BlackElo "2074"]
[PlyCount "153"]
[EventDate "2004.12.04"]

1. e4 e5 2. Nf3 Nc6 3. Bb5 a6 4. Ba4 Nf6 5. O-O b5 6. Bb3 Bc5 7. c3 Bb6 8. d4
d6 9. dxe5 Nxe5 10. Nxe5 dxe5 11. Qxd8+ Kxd8 12. Bg5 Ke7 13. Bd5 Rb8 14. Nd2 h6
15. Bxf6+ Kxf6 16. Kh1 Ke7 17. Nf3 Kf6 18. Rad1 g5 19. h3 g4 20. hxg4 Bxg4 21.
Rd2 Rbd8 22. Nh2 Be6 23. Rfd1 h5 24. Bxe6 Rxd2 25. Rxd2 Kxe6 26. Nf3 h4 27. Kh2
c6 28. Kh3 Bd8 29. b3 Ba5 30. Rd3 Bb6 31. Rd2 Bd8 32. Rd3 Be7 33. Rd2 a5 34.
Rd3 Rg8 35. Nd2 Bc5 36. f3 Bf2 37. Nf1 Ra8 38. g3 hxg3 39. Nxg3 Rh8+ 40. Kg2
Bxg3 41. Kxg3 Rh1 42. c4 Ra1 43. c5 Rxa2 44. Rd6+ Ke7 45. Rxc6 Rc2 46. Ra6 Rxc5
47. Rxa5 Kf6 48. b4 Rc1 49. Rxb5 Rb1 50. Rb6+ Kg5 51. b5 Rb2 52. Rb8 Rb1 53. b6
Rg1+ 54. Kf2 Rb1 55. b7 Kf4 56. Rh8 Rb2+ 57. Ke1 Rxb7 58. Rh5 Kxf3 59. Rxe5 Kf4
60. Re8 Rb4 61. Kf2 Rxe4 62. Rh8 f5 63. Rh4+ Ke5 64. Rh8 Rb4 65. Re8+ Kf4 66.
Ra8 Rb2+ 67. Kf1 Kf3 68. Ra3+ Kg4 69. Rc3 f4 70. Ra3 f3 71. Ra8 Rb1+ 72. Kf2
Rb2+ 73. Kf1 Rb5 74. Kf2 Rf5 75. Rg8+ Kf4 76. Ra8 Re5 77. Rf8+ 1/2-1/2

[Event "XXV Memorial Edoardo Crespi A"]
[Site "Milano ITA"]
[Date "2004.12.07"]
[Round "5"]
[White "Cavatorta, Fosco"]
[Black "Damia, Angelo"]
[Result "0-1"]
[WhiteElo "2031"]
[BlackElo "2118"]
[PlyCount "84"]
[EventDate "2004.12.04"]

1. Nf3 Nf6 2. d4 g6 3. Bf4 Bg7 4. Nbd2 Nh5 5. Be5 O-O 6. Bxg7 Nxg7 7. e4 d5 8.
exd5 Qxd5 9. Bc4 Qh5 10. Qe2 Be6 11. O-O-O Nd7 12. h3 Qa5 13. Kb1 Nb6 14. Bxe6
Nxe6 15. g4 Na4 16. Nb3 Qc3 17. bxc3 Nxc3+ 18. Kb2 Nxe2 19. Rhe1 N2f4 20. d5
Ng7 21. Rxe7 Rac8 22. h4 Rfe8 23. Rxe8+ Nxe8 24. Rd4 Nh3 25. Rd2 Nf6 26. g5 Ne4
27. Re2 Nhxf2 28. Nbd2 Re8 29. c4 Kf8 30. Kc2 Nxd2 31. Kxd2 Ne4+ 32. Kd3 Nc5+
33. Kd2 Rxe2+ 34. Kxe2 Ke7 35. Ke3 Kd6 36. Kd4 Nd7 37. Ne5 c5+ 38. dxc6 Nxe5
39. c7 Nc6+ 40. Ke4 Kxc7 41. Kd5 Kd7 42. c5 Nb4+ 0-1

[Event "XXV Memorial Edoardo Crespi A"]
[Site "Milano ITA"]
[Date "2004.12.07"]
[Round "5"]
[White "Cazzaniga, Walter"]
[Black "Zanetti, Alberto"]
[Result "1-0"]
[WhiteElo "2077"]
[BlackElo "2210"]
[PlyCount "59"]
[EventDate "2004.12.04"]

1. d4 Nf6 2. c4 e6 3. Nf3 c5 4. d5 exd5 5. cxd5 d6 6. Nc3 g6 7. e4 Bg7 8. h3
O-O 9. Bd3 b5 10. Nxb5 Re8 11. O-O Nxe4 12. Re1 a6 13. Na3 Nf6 14. Rxe8+ Nxe8
15. Bg5 f6 16. Bf4 Nd7 17. Nc4 Ne5 18. Nfxe5 fxe5 19. Bd2 Bf5 20. Ba5 Qg5 21.
Bxf5 Qxf5 22. b4 cxb4 23. Bxb4 e4 24. Rc1 Rc8 25. Nxd6 Nxd6 26. Bxd6 Rxc1 27.
Qxc1 Qxd5 28. Qc8+ Kf7 29. Qd7+ Kf6 30. Qe7+ 1-0

[Event "XXV Memorial Edoardo Crespi A"]
[Site "Milano ITA"]
[Date "2004.12.07"]
[Round "5"]
[White "Ciciotti, Augusto"]
[Black "Podini, Francesco"]
[Result "1-0"]
[WhiteElo "1925"]
[BlackElo "2075"]
[PlyCount "91"]
[EventDate "2004.12.04"]

1. d4 Nf6 2. c4 c5 3. d5 b5 4. cxb5 a6 5. bxa6 g6 6. Nc3 Bxa6 7. Nf3 d6 8. e4
Bxf1 9. Kxf1 Nbd7 10. h3 Bg7 11. Kg1 O-O 12. Kh2 Qa5 13. Re1 Rfb8 14. Re2 Ne8
15. Rc2 Nc7 16. Bg5 Re8 17. Rac1 h6 18. Bf4 Reb8 19. Qd2 Kh7 20. Qe2 Rb4 21. a3
Rb7 22. e5 Re8 23. Re1 Nb6 24. Qd3 c4 25. Qd2 dxe5 26. Nxe5 Ncxd5 27. Nxd5 Qxd5
28. Qxd5 Nxd5 29. Bg3 Nb6 30. Nxf7 Na4 31. Nd6 exd6 32. Rxe8 d5 33. Be5 Nxb2
34. Rxb2 Rxb2 35. Re7 Re2 36. Rxg7+ Kh8 37. Re7+ Kg8 38. f4 g5 39. Rd7 gxf4 40.
Bxf4 Re4 41. Bxh6 d4 42. Kg3 c3 43. Kf3 Re6 44. Bf4 Rc6 45. Rxd4 c2 46. Bc1 1-0

[Event "XXV Memorial Edoardo Crespi A"]
[Site "Milano ITA"]
[Date "2004.12.07"]
[Round "5"]
[White "Contin, Daniel"]
[Black "Salvador, Roland"]
[Result "1/2-1/2"]
[WhiteElo "2358"]
[BlackElo "2315"]
[PlyCount "108"]
[EventDate "2004.12.04"]

1. c4 c5 2. Nc3 Nc6 3. g3 g6 4. Bg2 Bg7 5. e3 d6 6. Nge2 h5 7. h3 e5 8. d3 Be6
9. a3 Qd7 10. Rb1 Nh6 11. b4 O-O 12. Ne4 Qe7 13. b5 Nd8 14. N4c3 h4 15. g4 f5
16. gxf5 Qg5 17. O-O gxf5 18. f4 Qg6 19. Kh1 Kh8 20. Nd5 Ng8 21. Rg1 Qh7 22.
Bb2 Bf7 23. Qd2 Ne6 24. Rbf1 Rae8 25. Bf3 Bh5 26. Qa5 e4 27. Bxh5 Qxh5 28.
Bxg7+ Nxg7 29. Qc3 Rf7 30. Rf2 exd3 31. Rg5 Qh6 32. Qxd3 Nf6 33. Nec3 Nfh5 34.
Ne2 Nf6 35. Nxf6 Qxf6 36. Nc3 Qe6 37. Nd5 Qe4+ 38. Qxe4 Rxe4 39. Rg6 Nh5 40.
Rc2 Kh7 41. Rxd6 Rg7 42. Rg2 Rxc4 43. Rxg7+ Kxg7 44. Rd7+ Kh6 45. Rxb7 Ng3+ 46.
Kg1 Ra4 47. Rc7 Rxa3 48. Rc6+ Kg7 49. Rc7+ Kf8 50. Rxc5 Ra1+ 51. Kg2 Ra2+ 52.
Kg1 Ra1+ 53. Kg2 Ra2+ 54. Kg1 Ra1+ 1/2-1/2

[Event "XXV Memorial Edoardo Crespi A"]
[Site "Milano ITA"]
[Date "2004.12.07"]
[Round "5"]
[White "D'Apa, Matteo"]
[Black "Fezza, Davide"]
[Result "0-1"]
[WhiteElo "1973"]
[BlackElo "2083"]
[PlyCount "154"]
[EventDate "2004.12.04"]

1. d4 Nf6 2. c4 g6 3. Nc3 Bg7 4. e4 d6 5. f3 O-O 6. Be3 e5 7. d5 a5 8. Qd2 Na6
9. O-O-O Bd7 10. Bh6 Nh5 11. Bxg7 Kxg7 12. Nge2 Nc5 13. g4 Nf6 14. h4 h5 15.
gxh5 Nxh5 16. Bh3 Qf6 17. Bg4 Rh8 18. Rdg1 Bxg4 19. fxg4 Nf4 20. Nxf4 Qxf4 21.
Qxf4 Nd3+ 22. Kd2 Nxf4 23. Ne2 Nxe2 24. Kxe2 Ra6 25. g5 Rb6 26. Rb1 a4 27. Kd3
c6 28. Kd2 cxd5 29. cxd5 Rc8 30. b3 Rb4 31. Rhe1 Rd4+ 32. Ke3 Rc2 33. bxa4 Rxa4
34. Rxb7 Ra3+ 35. Rb3 Raxa2 36. Kf3 Rh2 37. Kg3 Rhg2+ 38. Kh3 Rac2 39. Rbe3 f5
40. gxf6+ Kxf6 41. Rf1+ Kg7 42. Rfe1 Kh6 43. Rg3 Rh2+ 44. Kg4 Rcf2 45. Rf3
Rxh4+ 46. Kxh4 Rxf3 47. Kg4 Rf4+ 48. Kg3 Kg5 49. Re2 Rf1 50. Rg2 Rf4 51. Re2
Kf6 52. Re1 g5 53. Re2 Ke7 54. Re1 Kd8 55. Re2 Ke7 56. Re1 Kf6 57. Re2 Kg6 58.
Rc2 Rxe4 59. Rc6 Rd4 60. Rxd6+ Kf5 61. Rd8 Rd3+ 62. Kf2 Ke4 63. d6 Rd2+ 64. Kg3
Ke3 65. d7 e4 66. Kg4 Rd5 67. Kh5 Kd3 68. Re8 Rxd7 69. Kxg5 e3 70. Kf4 Rf7+ 71.
Kg3 Ke2 72. Kg2 Rg7+ 73. Kh3 Kf2 74. Rf8+ Ke1 75. Re8 e2 76. Kh2 Rd7 77. Kg2
Kd1 0-1

[Event "XXV Memorial Edoardo Crespi A"]
[Site "Milano ITA"]
[Date "2004.12.07"]
[Round "5"]
[White "Facchetti, Gianni"]
[Black "Guanciale, Orazio"]
[Result "1/2-1/2"]
[WhiteElo "2203"]
[BlackElo "2105"]
[PlyCount "115"]
[EventDate "2004.12.04"]

1. e4 e6 2. d4 d5 3. exd5 exd5 4. Qf3 Nc6 5. c3 Nf6 6. h3 Bd6 7. Bd3 O-O 8. Bg5
Qe8+ 9. Ne2 Ne4 10. Bf4 Qe6 11. Bxd6 Qxd6 12. Bxe4 dxe4 13. Qxe4 Be6 14. O-O
Rfe8 15. Qd3 Ne5 16. Qg3 Bc4 17. dxe5 Rxe5 18. Nd2 Bxe2 19. Rfe1 Rae8 20. Nb3
Bc4 21. Rxe5 Qxe5 22. Qxe5 Rxe5 23. Nd2 Ba6 24. Nf3 Rd5 25. Rc1 b6 26. Rc2 Kf8
27. Rd2 Bb7 28. Nd4 Ke7 29. f4 c5 30. Nb3 Kf6 31. g4 h5 32. Kf2 hxg4 33. hxg4
g5 34. Kg3 a5 35. a3 Rxd2 36. Nxd2 Bd5 37. Nf1 Be6 38. Ne3 gxf4+ 39. Kxf4 a4
40. Ng2 Bd5 41. g5+ Ke6 42. Ne3 Ba2 43. Ng4 Kd6 44. Ne5 Be6 45. c4 Ke7 46. Ke3
f6 47. gxf6+ Kxf6 48. Ke4 Kg5 49. Nf3+ Kf6 50. Nd2 Bf7 51. Kd3 Ke5 52. Kc3 Kf4
53. Nb1 Ke3 54. b4 axb3 55. Kxb3 b5 56. Kc3 Bxc4 57. a4 Ba2 58. axb5 1/2-1/2

[Event "XXV Memorial Edoardo Crespi A"]
[Site "Milano ITA"]
[Date "2004.12.07"]
[Round "5"]
[White "Giancotti, Eraldo"]
[Black "Di Lascio, Savino"]
[Result "1-0"]
[WhiteElo "2093"]
[BlackElo "2000"]
[PlyCount "57"]
[EventDate "2004.12.04"]

1. d4 Nf6 2. c4 e6 3. Nf3 b6 4. a3 Be7 5. Nc3 Bb7 6. Qc2 d5 7. cxd5 exd5 8. Bf4
c6 9. e3 Nbd7 10. Bd3 h6 11. g4 g5 12. Be5 Nxe5 13. dxe5 Ng8 14. e6 Bf6 15.
exf7+ Kxf7 16. O-O-O Ne7 17. e4 d4 18. Bc4+ Kg7 19. e5 Bxe5 20. Nxe5 Qc7 21.
Rhe1 c5 22. Nb5 Qd8 23. Nf7 Qd7 24. Re6 a6 25. Nbd6 Rhe8 26. Nxb7 Qxb7 27. Nd6
Qf3 28. Rde1 Kf8 29. Qh7 1-0

[Event "XXV Memorial Edoardo Crespi A"]
[Site "Milano ITA"]
[Date "2004.12.07"]
[Round "5"]
[White "Giretti Kanev, Jasen"]
[Black "Dragojlovic, Andjelko"]
[Result "0-1"]
[WhiteElo "2182"]
[BlackElo "2298"]
[PlyCount "59"]
[EventDate "2004.12.04"]

1. Nf3 g6 2. g3 Bg7 3. Bg2 Nf6 4. O-O O-O 5. c4 d5 6. cxd5 Nxd5 7. Nc3 c5 8. a3
Nc6 9. Qc2 Nc7 10. d3 Bg4 11. Be3 Ne6 12. Qa4 Ned4 13. Rfe1 Bxf3 14. exf3 e6
15. f4 Rc8 16. Rac1 Qb6 17. Ne4 Qxb2 18. Nxc5 Ne2+ 19. Rxe2 Qxe2 20. Nxb7 Nd4
21. Rxc8 Rxc8 22. Qd7 Qd1+ 23. Bf1 Nf3+ 24. Kg2 Ne1+ 25. Kg1 Qc2 26. Nd6 Rf8
27. Ne4 Qc8 28. Qxa7 Qa8 29. Qe7 Rb8 30. Qc7 {...} 0-1

[Event "XXV Memorial Edoardo Crespi A"]
[Site "Milano ITA"]
[Date "2004.12.07"]
[Round "5"]
[White "Iudicello, Giovanni"]
[Black "Rossi, Giampiero"]
[Result "1-0"]
[WhiteElo "2133"]
[BlackElo "2022"]
[PlyCount "113"]
[EventDate "2004.12.04"]

1. e4 c5 2. Nf3 e6 3. d4 cxd4 4. Nxd4 a6 5. Bd3 Nf6 6. O-O Qc7 7. Be3 Nc6 8.
Nd2 Be7 9. a4 O-O 10. c3 Ne5 11. Be2 d6 12. f4 Ng6 13. f5 Ne5 14. fxe6 Bxe6 15.
Nxe6 fxe6 16. Qb3 Qd7 17. Bd4 Nc6 18. Bb6 Rac8 19. Rad1 Bd8 20. Be3 Na5 21. Qa2
Qc6 22. Bf3 Bb6 23. Bxb6 Qxb6+ 24. Kh1 Qc7 25. b4 Nc6 26. Nc4 d5 27. exd5 exd5
28. Nd2 Qe5 29. b5 axb5 30. axb5 Ra8 31. Qc2 Ne7 32. c4 Qc7 33. Qd3 Rfd8 34.
Rc1 Rac8 35. c5 Ng6 36. Nb3 Ne5 37. Qd4 Nxf3 38. Rxf3 Re8 39. Kg1 Re4 40. Qd3
Qe7 41. h3 Re8 42. c6 bxc6 43. bxc6 Re1+ 44. Rf1 Re3 45. Qb5 Re2 46. Qc5 Qe4
47. Rf2 Re1+ 48. Rxe1 Qxe1+ 49. Rf1 Qe3+ 50. Qxe3 Rxe3 51. Rc1 Ne8 52. Nd4 Rd3
53. Nb5 Rb3 54. c7 Nxc7 55. Nxc7 d4 56. Rd1 d3 57. Ne6 1-0

[Event "XXV Memorial Edoardo Crespi A"]
[Site "Milano ITA"]
[Date "2004.12.07"]
[Round "5"]
[White "Mazzini, Antonio"]
[Black "Brigati, Alessandro"]
[Result "1-0"]
[WhiteElo "2139"]
[BlackElo "1915"]
[PlyCount "101"]
[EventDate "2004.12.04"]

1. d4 Nf6 2. c4 g6 3. Nc3 Bg7 4. e4 d6 5. f3 O-O 6. Bd3 Nc6 7. Nge2 e5 8. d5
Ne7 9. Be3 Ne8 10. b4 f5 11. c5 f4 12. Bf2 g5 13. h3 Ng6 14. b5 h5 15. c6 Nf6
16. Kd2 g4 17. Nc1 g3 18. Be1 Nh4 19. Qe2 Nh7 20. Nb3 Ng5 21. Kc2 Rf7 22. Bd2
Bf8 23. Rag1 b6 24. Be1 Kh8 25. Nd2 Rh7 26. a4 Be7 27. Na2 Bf6 28. Nb4 Kg7 29.
Qd1 Kf7 30. Be2 Nxg2 31. Rxg2 Bxh3 32. Rgg1 h4 33. Kb3 Qe7 34. Bf1 Bxf1 35.
Nxf1 Rg8 36. Qe2 Kf8 37. Na6 Qf7 38. Nb8 Bd8 39. a5 Ke8 40. axb6 axb6 41. Nd7
Qh5 42. Nd2 Rhh8 43. Bxg3 fxg3 44. Rxg3 hxg3 45. Rxh5 Rxh5 46. f4 Rh2 47. Qg4
exf4 48. Nf3 Rhh8 49. Nxg5 Bxg5 50. Qe6+ Kd8 51. Nc5 1-0

[Event "XXV Memorial Edoardo Crespi A"]
[Site "Milano ITA"]
[Date "2004.12.07"]
[Round "5"]
[White "Milan, Paolo"]
[Black "Arboscelli, Gregorio"]
[Result "0-1"]
[WhiteElo "1928"]
[BlackElo "1894"]
[PlyCount "84"]
[EventDate "2004.12.04"]

1. d4 Nf6 2. Nf3 e6 3. e3 b6 4. Bd3 Bb7 5. Nbd2 d5 6. c3 Nbd7 7. O-O Bd6 8. Re1
Ne4 9. c4 O-O 10. Qc2 f5 11. b3 g5 12. Bb2 g4 13. Bxe4 fxe4 14. Ne5 Rf5 15.
Nxd7 Qxd7 16. c5 bxc5 17. dxc5 Be5 18. Bxe5 Rxe5 19. Rac1 c6 20. f4 gxf3 21.
gxf3 Rg5+ 22. Kh1 Kf7 23. fxe4 Rag8 24. Rf1+ Ke8 25. Nf3 Rh5 26. Rg1 Rf8 27.
Qg2 Ba6 28. Qg4 Rh6 29. Qg5 Rg6 30. Qh5 Be2 31. Rxg6 Bxf3+ 32. Qxf3 Rxf3 33.
Rg8+ Ke7 34. Rcg1 dxe4 35. R1g7+ Rf7 36. h4 Qd1+ 37. Kh2 Qe2+ 38. Rg2 Qxe3 39.
Ra8 Qf4+ 40. Kg1 Qe3+ 41. Kh2 Qxc5 42. Rb8 Qd6+ 0-1

[Event "XXV Memorial Edoardo Crespi A"]
[Site "Milano ITA"]
[Date "2004.12.07"]
[Round "5"]
[White "Nannelli, Paolo"]
[Black "Canova, Luca"]
[Result "1/2-1/2"]
[WhiteElo "2185"]
[BlackElo "2047"]
[PlyCount "104"]
[EventDate "2004.12.04"]

1. Nf3 d5 2. c4 e6 3. g3 g6 4. Bg2 Bg7 5. O-O Nf6 6. d4 O-O 7. Qc2 Nbd7 8. Nbd2
c6 9. a4 a5 10. b3 b6 11. Ba3 Re8 12. Rac1 e5 13. cxd5 cxd5 14. dxe5 Nxe5 15.
Nd4 Bh6 16. Rfd1 Ba6 17. Qc7 Qxc7 18. Rxc7 Rec8 19. Rxc8+ Rxc8 20. Bh3 Re8 21.
Bd6 Neg4 22. N2f3 Bxe2 23. Re1 Bxf3 24. Nxf3 Rxe1+ 25. Nxe1 Ne4 26. Bxg4 Nxd6
27. Bd7 Kf8 28. Kf1 Ke7 29. Bc6 Ke6 30. f3 Ke5 31. Nc2 Nf5 32. b4 Bd2 33. bxa5
bxa5 34. Ke2 Bb4 35. Kd3 Kd6 36. Be8 f6 37. Ne3 Ne7 38. Bb5 Nc6 39. f4 Bc5 40.
Ng4 Nb4+ 41. Ke2 Ke7 42. h3 h5 43. Nh2 Nc2 44. Nf3 Nb4 45. g4 hxg4 46. hxg4 d4
47. Bd3 Nxd3 48. Kxd3 Kd6 49. Nxd4 Bb4 50. Nf3 Kd5 51. g5 fxg5 52. fxg5 Be7
1/2-1/2

[Event "XXV Memorial Edoardo Crespi A"]
[Site "Milano ITA"]
[Date "2004.12.07"]
[Round "5"]
[White "Pace, Pietro Dario"]
[Black "Bisignano, Giuseppe"]
[Result "1-0"]
[WhiteElo "2130"]
[BlackElo "1965"]
[PlyCount "85"]
[EventDate "2004.12.04"]

1. e4 e5 2. Nf3 Nc6 3. Bb5 a6 4. Ba4 d6 5. c3 Nf6 6. Bc2 Be7 7. O-O O-O 8. h3
Re8 9. Re1 Bf8 10. d3 d5 11. Nbd2 dxe4 12. dxe4 Bc5 13. Qe2 Nh5 14. Nf1 Qf6 15.
Kh2 Nf4 16. Bxf4 Qxf4+ 17. g3 Qh6 18. h4 Bg4 19. Kg2 Rad8 20. N1h2 Bc8 21. b4
Ba7 22. Rad1 Rd6 23. Rxd6 Qxd6 24. Nf1 h6 25. Ne3 Bxe3 26. Qxe3 Qe6 27. Bb3
Qh3+ 28. Kg1 Be6 29. Bd5 f5 30. Bxe6+ Rxe6 31. exf5 Qxf5 32. Nd2 Ne7 33. Qc5
Ng6 34. Qxc7 Nxh4 35. Qd8+ Kh7 36. Qxh4 Qd3 37. Qe4+ Qxe4 38. Nxe4 Kg6 39. Rd1
Kf5 40. Nd6+ Kg4 41. Nxb7 e4 42. Nc5 Re5 43. Re1 1-0

[Event "XXV Memorial Edoardo Crespi A"]
[Site "Milano ITA"]
[Date "2004.12.07"]
[Round "5"]
[White "Pepe, Mario"]
[Black "Dassisti, Alberto"]
[Result "1-0"]
[WhiteElo "2151"]
[BlackElo "2067"]
[PlyCount "107"]
[EventDate "2004.12.04"]

1. e4 e6 2. d3 c6 3. Nf3 d5 4. Nbd2 Nf6 5. g3 Be7 6. Bg2 O-O 7. O-O Nbd7 8. Re1
Qc7 9. b3 Ne5 10. Bb2 Ng6 11. h4 Re8 12. e5 Nd7 13. d4 f6 14. Bh3 Ndf8 15. h5
Nh8 16. Kh1 Nf7 17. g4 Ng5 18. Bf1 Bd7 19. Bd3 Nh3 20. Qe2 Nf4 21. Qe3 Nxd3 22.
Qxd3 c5 23. c3 Rac8 24. Qe3 cxd4 25. cxd4 Qc2 26. Rab1 Bb5 27. Kg2 Qd3 28. Qxd3
Bxd3 29. Rbc1 h6 30. a3 a5 31. Kg3 Bc2 32. Re3 Rc6 33. Rc3 Rxc3 34. Bxc3 Bd3
35. Bxa5 Bxa3 36. Rc7 Re7 37. Rc8 Bb5 38. Nb1 b6 39. Nxa3 Bd7 40. Rxf8+ Kxf8
41. Bb4 Kf7 42. Bxe7 Kxe7 43. Kf4 Kf7 44. Nb1 Bb5 45. Nc3 Bd3 46. Na4 Bc2 47.
Nd2 b5 48. Nc3 fxe5+ 49. dxe5 g6 50. hxg6+ Kxg6 51. Nxb5 Bd3 52. Nc7 Kf7 53.
Nf3 Ke7 54. Nd4 1-0

[Event "XXV Memorial Edoardo Crespi A"]
[Site "Milano ITA"]
[Date "2004.12.07"]
[Round "5"]
[White "Profumo, Alberto"]
[Black "Kidane, Robel"]
[Result "1-0"]
[WhiteElo "2238"]
[BlackElo "2095"]
[PlyCount "69"]
[EventDate "2004.12.04"]

1. Nf3 Nf6 2. g3 d5 3. Bg2 c5 4. O-O Nc6 5. d4 e6 6. c4 Be7 7. cxd5 Nxd5 8. Nc3
Nxc3 9. bxc3 O-O 10. Rb1 Qa5 11. Qc2 Bf6 12. Bg5 Qd8 13. Bxf6 Qxf6 14. e3 Qe7
15. Nd2 Qc7 16. Ne4 cxd4 17. cxd4 Bd7 18. Nc5 Rab8 19. Rfc1 Rfc8 20. Nxd7 Qxd7
21. Bxc6 bxc6 22. Rxb8 Rxb8 23. Qxc6 Qxc6 24. Rxc6 g6 25. Rc7 a5 26. Ra7 Rb5
27. a4 Rd5 28. Kg2 e5 29. dxe5 Rxe5 30. Kf3 Kg7 31. h4 h5 32. e4 g5 33. hxg5
Rxg5 34. Rd7 Kf6 35. Rd6+ 1-0

[Event "XXV Memorial Edoardo Crespi A"]
[Site "Milano ITA"]
[Date "2004.12.07"]
[Round "5"]
[White "Quagliarella, Sabino Remo"]
[Black "Gandolfi, Gianfranco"]
[Result "1/2-1/2"]
[WhiteElo "2028"]
[BlackElo "1967"]
[PlyCount "148"]
[EventDate "2004.12.04"]

1. d4 Nf6 2. Nf3 d5 3. Bf4 c6 4. c3 Bf5 5. Qb3 Qb6 6. Nbd2 h6 7. e3 e6 8. Qxb6
axb6 9. a4 Nbd7 10. Ne5 Be7 11. Nxd7 Kxd7 12. f3 Ra7 13. Be2 Rha8 14. Bd1 b5
15. b3 bxa4 16. bxa4 b5 17. a5 Rxa5 18. Rxa5 Rxa5 19. Nb3 Ra3 20. O-O Bd6 21.
Bxd6 Kxd6 22. Rf2 Bd3 23. Rb2 Bc4 24. Kf2 Nd7 25. e4 Nb6 26. e5+ Kc7 27. Nc5
Rxc3 28. Bc2 Ra3 29. Bh7 Kd8 30. h4 Ra2 31. Rxa2 Bxa2 32. Bc2 Kc7 33. Ke3 Nc4+
34. Kf4 Na5 35. Bh7 Kd8 36. Na6 Ke7 37. h5 Bc4 38. g4 Nb7 39. Ke3 Nd8 40. f4
Kd7 41. g5 Kc8 42. gxh6 gxh6 43. f5 Kd7 44. fxe6+ fxe6 45. Bg6 Bf1 46. Bc2 Nf7
47. Bd1 Bh3 48. Nc5+ Ke7 49. Kf4 Bf5 50. Ke3 Ng5 51. Na6 Kd7 52. Be2 Kc8 53.
Kf4 Kb7 54. Nb4 Kb6 55. Ke3 c5 56. dxc5+ Kxc5 57. Na6+ Kb6 58. Nb4 Ka5 59. Nc6+
Ka4 60. Nd4 b4 61. Nxf5 exf5 62. Bd3 b3 63. Kf4 b2 64. Kxf5 Ne4 65. e6 Nd6+ 66.
Ke5 Ne8 67. Kxd5 Nf6+ 68. Ke5 Nxh5 69. e7 Ng7 70. Kf6 Ne8+ 71. Kg6 Kb4 72. Kxh6
Kc3 73. Bg6 Nc7 74. Kg7 Kd2 1/2-1/2

[Event "XXV Memorial Edoardo Crespi A"]
[Site "Milano ITA"]
[Date "2004.12.07"]
[Round "5"]
[White "Ranola, Yves"]
[Black "Martinez, Rolly"]
[Result "1/2-1/2"]
[WhiteElo "2449"]
[BlackElo "2360"]
[PlyCount "30"]
[EventDate "2004.12.04"]

1. c4 Nf6 2. Nc3 e6 3. Nf3 c5 4. g3 Nc6 5. Bg2 a6 6. O-O Qc7 7. b3 Be7 8. Bb2
b6 9. e3 Bb7 10. Rc1 Rc8 11. Qe2 Qb8 12. d4 cxd4 13. exd4 Qa8 14. Rfd1 O-O 15.
Na4 Bd8 1/2-1/2

[Event "XXV Memorial Edoardo Crespi A"]
[Site "Milano ITA"]
[Date "2004.12.07"]
[Round "5"]
[White "Sgnaolin, Davide"]
[Black "Valdivia, Rene"]
[Result "0-1"]
[WhiteElo "2125"]
[BlackElo "2252"]
[PlyCount "94"]
[EventDate "2004.12.04"]

1. e4 d6 2. d4 g6 3. Nf3 Bg7 4. Be2 Nf6 5. Nc3 Bg4 6. O-O O-O 7. Be3 Nc6 8. d5
Bxf3 9. Bxf3 Ne5 10. Be2 c6 11. a4 cxd5 12. exd5 Qa5 13. Ra3 a6 14. Rb3 Qc7 15.
Qd2 Rfb8 16. a5 Nfd7 17. Ra1 Nc4 18. Bxc4 Qxc4 19. Na4 Qc7 20. Bb6 Qc4 21. Rb4
Qc8 22. Qe2 Bf6 23. Rc4 Qe8 24. Rc7 Ne5 25. f4 Nd7 26. c3 Nf8 27. c4 e6 28. c5
dxc5 29. Nxc5 Bd4+ 30. Kh1 Bxc5 31. Bxc5 exd5 32. Re7 Qc6 33. Bd4 Ne6 34. Be5
Re8 35. Rxe8+ Rxe8 36. Qg4 Nc5 37. Rc1 Ne4 38. Rxc6 Nf2+ 39. Kg1 Nxg4 40. h3
bxc6 41. hxg4 f6 42. Bxf6 Re2 43. Kf1 Rc2 44. g5 Kf7 45. Be5 Ke6 46. g4 c5 47.
Ke1 d4 0-1

[Event "XXV Memorial Edoardo Crespi A"]
[Site "Milano ITA"]
[Date "2004.12.07"]
[Round "6"]
[White "Arboscelli, Gregorio"]
[Black "Giannetta, Paolo"]
[Result "1/2-1/2"]
[WhiteElo "1894"]
[BlackElo "2104"]
[PlyCount "36"]
[EventDate "2004.12.04"]

1. d4 d6 2. e4 Nf6 3. Nc3 g6 4. f4 Bg7 5. Nf3 O-O 6. Bd3 c6 7. O-O b5 8. e5
dxe5 9. dxe5 Qb6+ 10. Kh1 Nd5 11. Nxd5 cxd5 12. Qe2 a6 13. Be3 Qc7 14. Nd4 Nc6
15. Nxc6 Qxc6 16. Bd4 Bf5 17. Bxf5 gxf5 18. Qd3 Qc4 1/2-1/2

[Event "XXV Memorial Edoardo Crespi A"]
[Site "Milano ITA"]
[Date "2004.12.07"]
[Round "6"]
[White "Barlocco, Carlo"]
[Black "Aranovitch, Emiliano"]
[Result "1/2-1/2"]
[WhiteElo "2108"]
[BlackElo "2304"]
[PlyCount "102"]
[EventDate "2004.12.04"]

1. d4 Nf6 2. Nf3 g6 3. Bf4 Bg7 4. e3 O-O 5. Be2 c5 6. c3 b6 7. O-O Bb7 8. Nbd2
Nc6 9. h3 d5 10. a4 Nd7 11. Bh2 Kh8 12. Qb1 e5 13. dxe5 Ndxe5 14. Nxe5 Nxe5 15.
Rd1 Qc8 16. Nf3 Nc4 17. Nd2 Ne5 18. Nf3 f6 19. a5 Bc6 20. Qc2 Rd8 21. b4 Be8
22. Qa2 Bf7 23. Bxe5 fxe5 24. e4 Bg8 25. exd5 e4 26. Ng5 Qf5 27. Ne6 Bxe6 28.
dxe6 bxa5 29. Rxd8+ Rxd8 30. Qxa5 Re8 31. Bb5 Re7 32. Qd8+ Qf8 33. Qxf8+ Bxf8
34. Bd7 cxb4 35. cxb4 Rg7 36. Rxa7 Bxb4 37. Ra4 Be7 38. Rxe4 Rg8 39. Rf4 Rf8
40. Rc4 g5 41. g3 Kg7 42. Kg2 h5 43. f4 gxf4 44. gxf4 Kf6 45. Ra4 Rg8+ 46. Kf3
Rb8 47. Ke4 Rb4+ 48. Rxb4 Bxb4 49. f5 h4 50. Kf4 Be7 51. Kg4 Kg7 1/2-1/2

[Event "XXV Memorial Edoardo Crespi A"]
[Site "Milano ITA"]
[Date "2004.12.07"]
[Round "6"]
[White "Bevilacqua, Maurizio"]
[Black "Ranola, Yves"]
[Result "0-1"]
[WhiteElo "2165"]
[BlackElo "2449"]
[PlyCount "102"]
[EventDate "2004.12.04"]

1. d4 Nf6 2. c4 Nc6 3. Nc3 e5 4. d5 Ne7 5. e4 Ng6 6. g3 Bb4 7. Bg2 a5 8. Nge2
d6 9. h3 Bd7 10. O-O a4 11. Be3 Qc8 12. Kh2 a3 13. b3 h5 14. Rc1 h4 15. g4 Bxg4
16. hxg4 Nxg4+ 17. Kh1 h3 18. Bf3 Nxe3 19. fxe3 Bc5 20. Qd2 Nh4 21. Ng3 Qd8 22.
Nd1 Qg5 23. Qf2 g6 24. b4 Bxb4 25. Rb1 Bc5 26. Rxb7 O-O-O 27. Rb5 f5 28. exf5
gxf5 29. Rxc5 dxc5 30. Be2 Rdg8 31. Kh2 Rg7 32. Nc3 Rhg8 33. Nh5 Qg2+ 34. Qxg2
hxg2 35. Rg1 Rf7 36. Kh3 f4 37. exf4 exf4 38. Bg4+ Rxg4 39. Kxg4 f3 40. Ne4 f2
41. Nxf2 Rxf2 42. Kxh4 Rxa2 43. Nf4 Rb2 44. Nd3 Rc2 45. Rd1 Rxc4+ 46. Kg5 a2
47. Nf4 Rc2 48. Kg4 Rb2 49. Nh3 c4 50. Kg3 c3 51. Nf2 Rb1 0-1

[Event "XXV Memorial Edoardo Crespi A"]
[Site "Milano ITA"]
[Date "2004.12.07"]
[Round "6"]
[White "Bisignano, Giuseppe"]
[Black "Bernago, Federico"]
[Result "1-0"]
[WhiteElo "1965"]
[BlackElo "1999"]
[PlyCount "74"]
[EventDate "2004.12.04"]

1. e4 c5 2. Nf3 e6 3. d3 Nc6 4. g3 Nf6 5. Bg2 d5 6. e5 Nd7 7. Bf4 Be7 8. c3 g5
9. Bc1 Ndxe5 10. Nxe5 Nxe5 11. f4 gxf4 12. Bxf4 Ng6 13. Nd2 Nxf4 14. Qa4+ Bd7
15. Qxf4 Qb8 16. Qe3 Qd6 17. O-O f6 18. c4 O-O-O 19. cxd5 exd5 20. b4 Qe5 21.
Rfe1 Kb8 22. Qf3 Qd4+ 23. Kh1 Rhe8 24. Nb3 Qxb4 25. Rec1 Qg4 26. Qf2 Bc6 27.
Na5 Bd6 28. Nxc6+ bxc6 29. Rab1+ Kc7 30. Qd2 Kd7 31. Rb7+ Bc7 32. Qh6 Qg5 33.
Qxh7+ Re7 34. Rxc7+ Kxc7 35. Qxe7+ Rd7 36. Qxc5 Rd6 37. Qxa7+ Kd8 1-0

[Event "XXV Memorial Edoardo Crespi A"]
[Site "Milano ITA"]
[Date "2004.12.07"]
[Round "6"]
[White "Brigati, Alessandro"]
[Black "Milan, Paolo"]
[Result "1-0"]
[WhiteElo "1915"]
[BlackElo "1928"]
[PlyCount "135"]
[EventDate "2004.12.04"]

1. Nf3 Nf6 2. g3 b6 3. Bg2 Bb7 4. d3 g6 5. O-O Bg7 6. e4 O-O 7. Nc3 d6 8. h3 c5
9. Re1 e5 10. Bd2 Nc6 11. Nh2 Nd4 12. Nf1 b5 13. Ne3 b4 14. Ncd5 Nxd5 15. Nxd5
Bxd5 16. exd5 Rb8 17. c3 bxc3 18. bxc3 Nb5 19. a4 Nc7 20. Qc2 a5 21. Rab1 Na6
22. Rxb8 Qxb8 23. Rb1 Qc7 24. Rb5 Rb8 25. Qb3 Bf6 26. Bf3 Bd8 27. Kg2 Qa7 28.
Bh6 Bb6 29. Qb2 Nc7 30. Rb3 Na6 31. Be3 Nc7 32. Kh2 Na6 33. Bg2 Bc7 34. Rb5
Rxb5 35. axb5 Nb8 36. c4 Qb7 37. Qa3 Nd7 38. f4 f6 39. g4 Bd8 40. Be4 Qa7 41.
Kg3 f5 42. gxf5 gxf5 43. Bxf5 Nf6 44. Be6+ Kh8 45. Kh2 Qg7 46. Qa2 Nh5 47. Qf2
exf4 48. Bc1 Qg3+ 49. Qxg3 fxg3+ 50. Kg2 Kg7 51. Bg4 Nf6 52. Kxg3 Nxg4 53. hxg4
a4 54. Kf3 Bb6 55. Ke4 Kg6 56. Kf4 Bd8 57. Bb2 Bb6 58. Kf3 h6 59. Kf4 Ba5 60.
d4 Bb6 61. Ba3 cxd4 62. Bxd6 d3 63. Kf3 Kf6 64. Ba3 Bd4 65. c5 Ke5 66. d6 Ke6
67. b6 d2 68. Ke2 1-0